Snellen Chart - Statistics

General Stats
  • This quiz has been taken 7 times
  • The average score is 5 of 11
Answer Stats
Row Line % Correct
1 E
100%
8 DEFPOTEC
50%
6 EDFCZP
50%
7 FELOCZP
50%
2 FP
50%
4 LPED
50%
5 PECFD
50%
3 TOZ
50%
10 FDPLTCEO
0%
9 LEFODPCT
0%
11 PEZOLCFTD
0%
No matching quizzes found
Score Distribution
Percent of People with Each Score
Percentile by Number Answered
Your Score History
You have not taken this quiz